000 004220000a22001810004500
003 MACL
005 20150912142235.0
008 150912b xxu||||| |||| 00| 0 eng d
040 _aMACL
_cMACL
041 _aEnglish
082 _a823/GAN
100 _aGandhi, Gopal
_910393
245 _aRefuge
260 _bRavi Dayal Publishers
_c1989
_aNew Delhi
350 _a85
650 _aFicition
_910394
942 _cBK
_k823
_2ddc
999 _c5001
_d5001